00901nam a2200265 i 450000100060000000300080000600500170001400800400003103500190007103500200009003500170011004000380012704100130016508200180017810000440019624500670024026000270030730000290033449000340036350000980039750400380049565000170053370000500055083000350060019059BD-RjUL20211209000358.0140223r19511934enka b 001 0 engm a(BD-RjUL)19117 a(OCoLC)01364260 aGLIS00125319 aDLCcDLCdm.c.dMYGdBD-RjULbeng1 aenghger a111bLEP 19511 aLeibniz, Gottfried Wilhelm,d1646-1716.10aPhilosophical writings of Leibniz /cGottfried Wilhelm Leibniz aLondon :bDent,c1951. axxxiii, 284 p. ;c20 cm.1 aEveryman's university library a"This edition first published in Everyman's library in 1934. Reprinted with revisions, 1973." aIncludes bibliography and index. 0aMonadology. 1 aParkinson, G. H. R.q(George Henry Radcliffe) 0aEveryman's university library.